000 00256nam a2200097Ia 4500
001 768865
005 20250826165426.0
008 250824s9999 xx 000 0 und d
245 0 _aAKLINDAKİNİ OKUYABİLİRİM
_cDAVID LIEBERMAN
260 _bKORİDOR YAYINLARI
999 _c768865
_d768865